[Event "MP do lat 18 - dziewczeta"]
[Site "Sypniewo"]
[Date "2022.03.27"]
[Round "9.15"]
[White "Bienko, Jagoda"]
[Black "Mytnik, Kinga"]
[Result "1-0"]
[BlackElo "1438"]
[WhiteElo "1551"]
[LiveChessVersion "1.4.8"]

1. e4 {[%clk 1:30:57]} d6 {[%clk 1:30:41]} 2. d4 {[%clk 1:31:19]} Nf6
{[%clk 1:30:54]} 3. f3 {[%clk 1:31:41]} Nbd7 {[%clk 1:30:55]} 4. c4
{[%clk 1:31:56]} e5 {[%clk 1:31:05]} 5. d5 {[%clk 1:31:52]} a5 {[%clk 1:29:58]}
6. Bd3 {[%clk 1:25:53]} Be7 {[%clk 1:28:52]} 7. Be3 {[%clk 1:25:50]} c6
{[%clk 1:26:21]} 8. Nc3 {[%clk 1:24:22]} Nc5 {[%clk 1:23:18]} 9. Bc2
{[%clk 1:23:50]} Nh5 {[%clk 1:15:01]} 10. Nge2 {[%clk 1:23:33]} O-O
{[%clk 1:11:10]} 11. Qd2 {[%clk 1:18:50]} Re8 {[%clk 0:55:24]} 12. O-O-O
{[%clk 1:12:18]} Bd7 {[%clk 0:53:19]} 13. g4 {[%clk 1:11:09]} Nf6
{[%clk 0:51:13]} 14. Ng3 {[%clk 1:10:48]} Kh8 {[%clk 0:41:39]} 15. g5
{[%clk 1:05:17]} Ng8 {[%clk 0:41:49]} 16. h4 {[%clk 1:05:40]} Rb8
{[%clk 0:41:23]} 17. Nf5 {[%clk 1:00:30]} Bxf5 {[%clk 0:30:21]} 18. exf5
{[%clk 1:00:54]} b5 {[%clk 0:30:17]} 19. Bxc5 {[%clk 0:40:55]} dxc5
{[%clk 0:30:40]} 20. f6 {[%clk 0:27:56]} Bxf6 {[%clk 0:21:31]} 21. gxf6
{[%clk 0:28:08]} Nxf6 {[%clk 0:21:55]} 22. cxb5 {[%clk 0:27:54]} cxb5
{[%clk 0:21:10]} 23. Ne4 {[%clk 0:23:42]} c4 {[%clk 0:18:32]} 24. d6
{[%clk 0:18:08]} b4 {[%clk 0:17:32]} 25. d7 {[%clk 0:16:37]} Rf8 {[%clk 0:17:08]}
26. Qd6 {[%clk 0:15:01]} b3 {[%clk 0:14:48]} 27. axb3 {[%clk 0:14:45]} cxb3
{[%clk 0:15:05]} 28. Bxb3 {[%clk 0:14:52]} Qxd7 {[%clk 0:13:15]} 29. Qxf8+
{[%clk 0:12:40]} Rxf8 {[%clk 0:13:38]} 30. Rxd7 {[%clk 0:13:02]} Nxd7
{[%clk 0:14:05]} 31. Nd6 {[%clk 0:13:12]} Kg8 {[%clk 0:13:01]} 32. Nxf7
{[%clk 0:10:36]} Rxf7 {[%clk 0:13:25]} 33. Rd1 {[%clk 0:10:42]} Nf8
{[%clk 0:12:51]} 34. Rd8 {[%clk 0:09:51]} a4 {[%clk 0:12:20]} 35. Bc4
{[%clk 0:08:20]} g6 {[%clk 0:12:38]} 36. Re8 {[%clk 0:07:42]} Kg7
{[%clk 0:13:03]} 37. Bxf7 {[%clk 0:08:05]} Kxf7 {[%clk 0:13:28]} 38. Rxe5
{[%clk 0:08:29]} Ne6 {[%clk 0:13:19]} 39. Ra5 {[%clk 0:08:30]} Nd4
{[%clk 0:13:38]} 40. Rxa4 {[%clk 0:38:49]} Nb3+ {[%clk 0:43:21]} 41. Kc2
{[%clk 0:39:06]} Nc5 {[%clk 0:43:37]} 42. Ra7+ {[%clk 0:39:16]} Kg8
{[%clk 0:43:34]} 43. b4 {[%clk 0:39:13]} Ne6 {[%clk 0:44:02]} 44. Kd3
{[%clk 0:39:26]} h5 {[%clk 0:44:09]} 45. Ke4 {[%clk 0:39:20]} g5 {[%clk 0:43:49]}
46. Kf5 {[%clk 0:37:58]} Nd4+ {[%clk 0:43:51]} 47. Kg6 {[%clk 0:37:38]} Kf8
{[%clk 0:44:08]} 48. Rf7+ {[%clk 0:36:45]} Ke8 {[%clk 0:44:23]} 49. hxg5
{[%clk 0:36:59]} h4 {[%clk 0:44:34]} 50. Rf4 {[%clk 0:37:03]} 1-0

[Event "MP do lat 18 - dziewczeta"]
[Site "Sypniewo"]
[Date "2022.03.27"]
[Round "9.16"]
[White "Kaznowska, Weronika"]
[Black "Matyjasek, Michalina"]
[Result "1-0"]
[BlackElo "1435"]
[WhiteElo "1604"]
[LiveChessVersion "1.4.8"]

1. d4 {[%clk 1:30:56]} d5 {[%clk 1:30:56]} 2. Nf3 {[%clk 1:31:18]} Nf6
{[%clk 1:31:06]} 3. Bf4 {[%clk 1:31:15]} e6 {[%clk 1:29:54]} 4. e3
{[%clk 1:30:56]} c6 {[%clk 1:29:24]} 5. Bd3 {[%clk 1:30:54]} Be7 {[%clk 1:28:24]}
6. Nbd2 {[%clk 1:30:22]} O-O {[%clk 1:27:04]} 7. e4 {[%clk 1:29:37]} dxe4
{[%clk 1:22:17]} 8. Nxe4 {[%clk 1:29:55]} b6 {[%clk 1:17:05]} 9. Qe2
{[%clk 1:27:33]} Nd5 {[%clk 1:14:06]} 10. Bd2 {[%clk 1:25:37]} Qc7
{[%clk 1:09:18]} 11. g3 {[%clk 1:19:56]} Nd7 {[%clk 1:05:21]} 12. c3
{[%clk 1:16:57]} h6 {[%clk 0:56:55]} 13. Bc1 {[%clk 1:12:25]} Bb7
{[%clk 0:49:25]} 14. O-O {[%clk 1:04:31]} c5 {[%clk 0:46:06]} 15. Re1
{[%clk 0:58:43]} cxd4 {[%clk 0:39:34]} 16. Nxd4 {[%clk 0:59:05]} Rad8
{[%clk 0:36:54]} 17. Nb5 {[%clk 0:55:25]} Qb8 {[%clk 0:35:53]} 18. a4
{[%clk 0:46:58]} Ne5 {[%clk 0:30:31]} 19. Bc2 {[%clk 0:45:01]} Nc6
{[%clk 0:29:21]} 20. Nd2 {[%clk 0:38:54]} a6 {[%clk 0:27:50]} 21. Na3
{[%clk 0:38:29]} Qc7 {[%clk 0:25:25]} 22. Bd3 {[%clk 0:35:31]} Ra8
{[%clk 0:21:58]} 23. Ndc4 {[%clk 0:32:27]} Qd7 {[%clk 0:17:03]} 24. Be4
{[%clk 0:28:43]} b5 {[%clk 0:15:51]} 25. Bxd5 {[%clk 0:24:37]} bxc4
{[%clk 0:13:45]} 26. Bg2 {[%clk 0:24:44]} Bxa3 {[%clk 0:10:55]} 27. Rxa3
{[%clk 0:24:30]} Na5 {[%clk 0:08:44]} 28. Rd1 {[%clk 0:20:50]} Bd5
{[%clk 0:06:49]} 29. Qg4 {[%clk 0:18:21]} f5 {[%clk 0:05:04]} 30. Qd4
{[%clk 0:17:58]} Rfd8 {[%clk 0:04:11]} 31. Qb6 {[%clk 0:16:45]} Nb3
{[%clk 0:03:32]} 32. Bf4 {[%clk 0:16:36]} Qa7 {[%clk 0:02:51]} 33. Qxa7
{[%clk 0:11:12]} Rxa7 {[%clk 0:03:20]} 34. Bf1 {[%clk 0:11:11]} Rc8
{[%clk 0:02:10]} 35. Be2 {[%clk 0:10:01]} a5 {[%clk 0:02:06]} 36. Be5
{[%clk 0:09:08]} Rb7 {[%clk 0:01:55]} 37. Ra2 {[%clk 0:05:28]} Kf7
{[%clk 0:01:46]} 38. g4 {[%clk 0:04:34]} g6 {[%clk 0:01:30]} 39. f4
{[%clk 0:04:14]} Rg8 {[%clk 0:01:20]} 40. Kf2 {[%clk 0:33:44]} Nc5
{[%clk 0:31:34]} 41. Ke3 {[%clk 0:30:15]} fxg4 {[%clk 0:25:11]} 42. Bxg4
{[%clk 0:25:09]} Nd3 {[%clk 0:22:59]} 43. Rd2 {[%clk 0:24:42]} g5
{[%clk 0:19:02]} 44. h3 {[%clk 0:21:44]} Ke7 {[%clk 0:17:58]} 45. Ra1
{[%clk 0:19:55]} Rxb2 {[%clk 0:12:39]} 46. Rxb2 {[%clk 0:20:19]} Nxb2
{[%clk 0:13:05]} 47. fxg5 {[%clk 0:20:15]} hxg5 {[%clk 0:12:54]} 48. Bc7
{[%clk 0:20:28]} Ra8 {[%clk 0:12:04]} 49. Ra2 {[%clk 0:20:12]} Nd3
{[%clk 0:11:37]} 50. Kd4 {[%clk 0:19:02]} Nc1 {[%clk 0:10:01]} 51. Rf2
{[%clk 0:18:32]} Nb3+ {[%clk 0:09:55]} 52. Ke5 {[%clk 0:18:44]} Rh8
{[%clk 0:05:32]} 53. Bd6+ {[%clk 0:17:58]} Kd7 {[%clk 0:04:31]} 54. Rf7+
{[%clk 0:18:14]} Kc6 {[%clk 0:03:51]} 55. Rc7+ {[%clk 0:18:24]} Kb6
{[%clk 0:04:13]} 56. Rg7 {[%clk 0:18:43]} Nc5 {[%clk 0:02:35]} 57. Bxc5+
{[%clk 0:17:55]} Kxc5 {[%clk 0:03:04]} 58. Rxg5 {[%clk 0:17:21]} Rh6
{[%clk 0:02:30]} 59. Rg8 {[%clk 0:16:12]} Kc6 {[%clk 0:02:26]} 60. Ra8
{[%clk 0:15:47]} Kb6 {[%clk 0:02:31]} 61. Rb8+ {[%clk 0:15:58]} Ka6
{[%clk 0:02:44]} 62. Re8 {[%clk 0:15:57]} Kb6 {[%clk 0:01:58]} 63. Re7
{[%clk 0:13:45]} Bc6 {[%clk 0:01:37]} 64. Rxe6 {[%clk 0:13:57]} Rxe6+
{[%clk 0:01:14]} 65. Bxe6 {[%clk 0:14:22]} Bxa4 {[%clk 0:01:34]} 66. Bxc4
{[%clk 0:14:46]} Kc5 {[%clk 0:01:33]} 67. Bf7 {[%clk 0:15:03]} Bc2
{[%clk 0:01:49]} 68. h4 {[%clk 0:15:27]} a4 {[%clk 0:02:02]} 69. h5
{[%clk 0:15:53]} a3 {[%clk 0:01:46]} 70. Ba2 {[%clk 0:16:03]} Bd3
{[%clk 0:01:40]} 71. h6 {[%clk 0:16:19]} Bc2 {[%clk 0:01:39]} 72. Kf6
{[%clk 0:16:20]} Kd6 {[%clk 0:01:25]} 73. Kg7 {[%clk 0:16:36]} Ke5
{[%clk 0:01:42]} 74. h7 {[%clk 0:17:03]} Bxh7 {[%clk 0:01:56]} 75. Kxh7
{[%clk 0:17:29]} Ke4 {[%clk 0:02:17]} 76. Kg6 {[%clk 0:17:47]} Kd3
{[%clk 0:02:44]} 77. c4 {[%clk 0:18:08]} Kd4 {[%clk 0:01:38]} 78. Kf6
{[%clk 0:18:11]} Kc5 {[%clk 0:01:02]} 79. Ke5 {[%clk 0:18:15]} Kc6
{[%clk 0:01:07]} 80. Kd4 {[%clk 0:18:38]} Kd6 {[%clk 0:01:27]} 81. Kc3
{[%clk 0:18:16]} Kc5 {[%clk 0:01:49]} 82. Kb3 {[%clk 0:18:43]} Kb6
{[%clk 0:02:12]} 83. Kxa3 {[%clk 0:19:08]} 1-0

[Event "MP do lat 18 - dziewczeta"]
[Site "Sypniewo"]
[Date "2022.03.27"]
[Round "9.17"]
[White "Kudlak, Julia"]
[Black "Kukula, Klara"]
[Result "1/2-1/2"]
[BlackElo "1464"]
[WhiteElo "1579"]
[LiveChessVersion "1.4.8"]

1. e4 {[%clk 1:30:55]} c6 {[%clk 1:30:52]} 2. d4 {[%clk 1:30:51]} d5
{[%clk 1:31:16]} 3. e5 {[%clk 1:31:11]} Bf5 {[%clk 1:31:40]} 4. h4
{[%clk 1:31:17]} h5 {[%clk 1:32:01]} 5. Bd3 {[%clk 1:31:04]} Bxd3
{[%clk 1:32:22]} 6. Qxd3 {[%clk 1:31:18]} Qa5+ {[%clk 1:31:28]} 7. Nd2
{[%clk 1:22:47]} Qa6 {[%clk 1:31:10]} 8. c4 {[%clk 1:21:27]} e6 {[%clk 1:31:28]}
9. Ngf3 {[%clk 1:19:42]} Nh6 {[%clk 1:26:13]} 10. O-O {[%clk 1:16:44]} Nf5
{[%clk 1:26:04]} 11. Rd1 {[%clk 1:11:25]} Be7 {[%clk 1:20:20]} 12. g3
{[%clk 1:06:18]} Nd7 {[%clk 1:08:09]} 13. b3 {[%clk 1:03:31]} c5 {[%clk 1:00:38]}
14. Nf1 {[%clk 0:53:12]} dxc4 {[%clk 1:00:36]} 15. bxc4 {[%clk 0:45:41]} cxd4
{[%clk 1:00:25]} 16. Bf4 {[%clk 0:38:12]} Nc5 {[%clk 0:56:27]} 17. Qc2
{[%clk 0:35:39]} Rd8 {[%clk 0:51:23]} 18. N1d2 {[%clk 0:32:03]} d3
{[%clk 0:37:10]} 19. Qb1 {[%clk 0:31:26]} O-O {[%clk 0:32:18]} 20. Qb5
{[%clk 0:25:38]} Nd4 {[%clk 0:19:22]} 21. Nxd4 {[%clk 0:25:28]} Rxd4
{[%clk 0:19:47]} 22. Be3 {[%clk 0:25:22]} Qxb5 {[%clk 0:18:55]} 23. cxb5
{[%clk 0:25:50]} Rb4 {[%clk 0:15:32]} 24. Bxc5 {[%clk 0:21:14]} Bxc5
{[%clk 0:15:58]} 25. Nb3 {[%clk 0:20:59]} Rxb5 {[%clk 0:13:31]} 26. Rxd3
{[%clk 0:20:35]} Bb6 {[%clk 0:13:27]} 27. Re1 {[%clk 0:20:53]} Rd8
{[%clk 0:09:12]} 28. Rxd8+ {[%clk 0:20:59]} Bxd8 {[%clk 0:09:40]} 29. f4
{[%clk 0:18:10]} Bb6+ {[%clk 0:09:49]} 30. Kf1 {[%clk 0:18:21]} Rd5
{[%clk 0:09:31]} 1/2-1/2

[Event "MP do lat 18 - dziewczeta"]
[Site "Sypniewo"]
[Date "2022.03.27"]
[Round "9.18"]
[White "Reszka, Zofia"]
[Black "Wojtas, Julia"]
[Result "1-0"]
[BlackElo "1560"]
[WhiteElo "1328"]
[LiveChessVersion "1.4.8"]

1. e4 {[%clk 1:30:56]} c5 {[%clk 1:30:55]} 2. Nf3 {[%clk 1:31:15]} d6
{[%clk 1:31:17]} 3. d4 {[%clk 1:31:34]} cxd4 {[%clk 1:31:42]} 4. Nxd4
{[%clk 1:31:54]} Nf6 {[%clk 1:32:04]} 5. Nc3 {[%clk 1:32:05]} a6 {[%clk 1:32:28]}
6. h3 {[%clk 1:31:20]} e5 {[%clk 1:31:44]} 7. Nde2 {[%clk 1:31:25]} Be7
{[%clk 1:31:52]} 8. g4 {[%clk 1:30:32]} h6 {[%clk 1:29:36]} 9. Bg2
{[%clk 1:30:05]} Qc7 {[%clk 1:28:05]} 10. O-O {[%clk 1:28:56]} Nbd7
{[%clk 1:27:06]} 11. Nd5 {[%clk 1:25:21]} Nxd5 {[%clk 1:26:28]} 12. exd5
{[%clk 1:25:32]} b5 {[%clk 1:17:15]} 13. Be3 {[%clk 1:23:02]} Bb7
{[%clk 1:16:22]} 14. Qd2 {[%clk 1:21:05]} Rc8 {[%clk 1:15:40]} 15. Rfc1
{[%clk 1:16:30]} Qd8 {[%clk 1:10:23]} 16. b3 {[%clk 1:11:35]} Bg5
{[%clk 1:04:17]} 17. a4 {[%clk 1:07:09]} Bxe3 {[%clk 1:03:40]} 18. Qxe3
{[%clk 1:01:43]} O-O {[%clk 0:58:34]} 19. axb5 {[%clk 0:59:42]} axb5
{[%clk 0:55:09]} 20. Ra7 {[%clk 0:53:25]} Rc7 {[%clk 0:54:10]} 21. Nc3
{[%clk 0:49:43]} Qb8 {[%clk 0:38:37]} 22. Nxb5 {[%clk 0:47:11]} Rc5
{[%clk 0:38:54]} 23. c4 {[%clk 0:44:09]} Nf6 {[%clk 0:28:21]} 24. Nxd6
{[%clk 0:26:48]} Qxd6 {[%clk 0:16:39]} 25. Rxb7 {[%clk 0:26:25]} Rfc8
{[%clk 0:12:45]} 26. Ra1 {[%clk 0:24:13]} R5c7 {[%clk 0:10:57]} 27. Rxc7
{[%clk 0:24:10]} Qxc7 {[%clk 0:10:48]} 28. Be4 {[%clk 0:21:37]} Rb8
{[%clk 0:08:27]} 29. Ra7 {[%clk 0:18:44]} Qd8 {[%clk 0:06:12]} 30. Bg2
{[%clk 0:13:43]} Nh7 {[%clk 0:03:21]} 31. c5 {[%clk 0:12:29]} Ng5
{[%clk 0:02:24]} 32. c6 {[%clk 0:10:36]} Rc8 {[%clk 0:02:30]} 33. Qxe5
{[%clk 0:09:33]} Qb6 {[%clk 0:02:40]} 34. Qe3 {[%clk 0:09:41]} Qb4
{[%clk 0:02:29]} 35. Ra4 {[%clk 0:08:20]} Qd6 {[%clk 0:02:53]} 36. Qf4
{[%clk 0:07:17]} Qe7 {[%clk 0:02:38]} 37. d6 {[%clk 0:05:49]} Qe1+
{[%clk 0:01:35]} 38. Kh2 {[%clk 0:06:05]} Ne6 {[%clk 0:01:56]} 39. d7
{[%clk 0:03:45]} Rd8 {[%clk 0:02:07]} 40. Qe3 {[%clk 0:32:36]} Qd1
{[%clk 0:32:01]} 41. Rc4 {[%clk 0:30:13]} 1-0

[Event "MP do lat 18 - dziewczeta"]
[Site "Sypniewo"]
[Date "2022.03.27"]
[Round "9.19"]
[White "Szewczyk, Malwina"]
[Black "Bychowska, Marta"]
[Result "0-1"]
[BlackElo "1374"]
[WhiteElo "1433"]
[LiveChessVersion "1.4.8"]

1. d4 {[%clk 1:30:57]} d5 {[%clk 1:30:56]} 2. Nf3 {[%clk 1:31:15]} e6
{[%clk 1:31:19]} 3. e3 {[%clk 1:31:40]} c5 {[%clk 1:31:37]} 4. c3
{[%clk 1:31:42]} Nc6 {[%clk 1:31:47]} 5. Bd3 {[%clk 1:31:51]} Nf6
{[%clk 1:31:55]} 6. Nbd2 {[%clk 1:32:09]} b6 {[%clk 1:31:31]} 7. O-O
{[%clk 1:31:58]} Bd6 {[%clk 1:31:36]} 8. Re1 {[%clk 1:32:16]} O-O
{[%clk 1:31:44]} 9. e4 {[%clk 1:32:41]} cxd4 {[%clk 1:31:07]} 10. e5
{[%clk 1:32:25]} dxc3 {[%clk 1:31:02]} 11. bxc3 {[%clk 1:32:36]} Nxe5
{[%clk 1:30:46]} 12. Nxe5 {[%clk 1:32:57]} Qc7 {[%clk 1:30:39]} 13. Ndf3
{[%clk 1:31:53]} Qxc3 {[%clk 1:29:44]} 14. Bd2 {[%clk 1:31:55]} Qc7
{[%clk 1:29:13]} 15. Rc1 {[%clk 1:32:19]} Qd8 {[%clk 1:26:38]} 16. Bg5
{[%clk 1:32:15]} Bb7 {[%clk 1:25:31]} 17. Bxf6 {[%clk 1:22:29]} gxf6
{[%clk 1:24:34]} 18. Ng5 {[%clk 1:08:22]} fxg5 {[%clk 1:19:30]} 19. Qh5
{[%clk 1:03:10]} f5 {[%clk 1:19:18]} 20. Ng4 {[%clk 0:57:45]} Qd7
{[%clk 1:06:37]} 21. Nh6+ {[%clk 0:52:48]} Kh8 {[%clk 1:06:55]} 22. Qxg5
{[%clk 0:52:46]} Rae8 {[%clk 1:03:35]} 23. Rc2 {[%clk 0:45:16]} Qg7
{[%clk 0:59:10]} 24. Qh5 {[%clk 0:44:49]} Qg6 {[%clk 0:56:12]} 25. Qh4
{[%clk 0:38:30]} d4 {[%clk 0:32:19]} 26. f4 {[%clk 0:38:25]} Kg7 {[%clk 0:29:47]}
27. Qg5 {[%clk 0:35:38]} Qxg5 {[%clk 0:25:57]} 28. fxg5 {[%clk 0:35:57]} Kg6
{[%clk 0:25:33]} 29. Rce2 {[%clk 0:35:22]} Kxg5 {[%clk 0:16:48]} 30. Rxe6
{[%clk 0:35:35]} Rxe6 {[%clk 0:16:38]} 31. Rxe6 {[%clk 0:35:51]} Bc5
{[%clk 0:14:46]} 32. g3 {[%clk 0:35:51]} f4 {[%clk 0:13:18]} 33. h4+
{[%clk 0:34:18]} Kh5 {[%clk 0:13:45]} 34. g4+ {[%clk 0:30:56]} Kxh4
{[%clk 0:14:08]} 35. Kh2 {[%clk 0:29:50]} Bc8 {[%clk 0:12:10]} 36. Re5
{[%clk 0:22:40]} Bxg4 {[%clk 0:11:53]} 37. Nxg4 {[%clk 0:20:48]} Kxg4
{[%clk 0:12:06]} 38. Kg2 {[%clk 0:21:06]} h5 {[%clk 0:11:25]} 39. Bg6
{[%clk 0:20:34]} f3+ {[%clk 0:10:30]} 40. Kf1 {[%clk 0:50:42]} h4
{[%clk 0:39:14]} 41. Bd3 {[%clk 0:49:42]} h3 {[%clk 0:38:37]} 42. Re6
{[%clk 0:50:04]} f2 {[%clk 0:36:32]} 43. Rg6+ {[%clk 0:49:45]} Kh5
{[%clk 0:31:58]} 44. Rg3 {[%clk 0:50:04]} Kh4 {[%clk 0:31:59]} 45. Rg7
{[%clk 0:50:02]} a5 {[%clk 0:31:45]} 46. a4 {[%clk 0:50:24]} Rf3 {[%clk 0:31:23]}
47. Be4 {[%clk 0:50:24]} Re3 {[%clk 0:31:07]} 48. Bc6 {[%clk 0:50:38]} d3
{[%clk 0:31:13]} 49. Rd7 {[%clk 0:51:00]} Re1# 0-1